000 00883nam a22003017a 4500
001 BR8004839
003 BR-BrBNA
005 20230928090702.0
007 ta
008 230509b bl.||||| |||| 00| 0 por d
040 _aBR-BrBNA
_bpor
_cBiblioteca Nacional de Agricultura
041 _a(Por)
072 _aF00; E15; E70
_b2290
_b/G514
090 _ 2290 BR8004839
100 1 _aFaria, D.L.M.P.
110 1 _aSecretaria de Estado da Industria e do Comercio, Curitiba, PR (Brasil). Coordenadoria de Desenvolvimento Industrial
_98863
245 1 _aPerfil agroindustrial da menta no Parana [Brasil]
260 3 _aCuritiba, PR (Brasil):
_c1981.
300 _a40 p.
500 _a15 ref.
650 _aINDUSTRIA AGRICOLA
650 _aMERCADO
650 _aCOMERCIALIZACAO
650 _aMENTA
650 _aPARANA
909 _a202309
_bLucia
_c55
_dLucia Elande
942 _cBK
999 _c30022
_d30022